|
|
|
|
| LEADER |
00000nab a2200000 a 4500 |
| 001 |
vtls000563764 |
| 003 |
SK-MaSNL |
| 005 |
20260303013038.0 |
| 008 |
150501c1995 xo 0 slo |
| 015 |
|
|
|a SNBRB19rr/mm-uuuuu
|
| 035 |
|
|
|a CL0563902
|
| 040 |
|
|
|a SNKBUCL
|b slo
|c SNKBUCL
|e AACR2
|
| 041 |
0 |
|
|a slo
|
| 044 |
|
|
|a xo
|c SK
|
| 080 |
|
|
|a 639.2(437.6)(091)
|2 1981
|
| 100 |
1 |
|
|a Volček, Leonard
|4 aut
|9 275368
|
| 245 |
1 |
0 |
|a Cechy a vzácne ryby
|b K rybárskej sedemdesiatke (2)
|c Leonard Volček
|
| 500 |
|
|
|a Pokračovanie
|
| 650 |
0 |
7 |
|a rybárstvo
|2 snkbucl
|9 2776
|
| 655 |
|
7 |
|a články z novín a časopisov
|2 snkbucl
|9 267496
|
| 773 |
0 |
|
|t Poľovníctvo a rybárstvo
|g Roč. 47, č. 10 (1995), s. 42
|x 0231-8768
|
| 850 |
|
|
|a Slovenská národná knižnica v Martine
|a MTA001
|
| 852 |
|
|
|a SNK
|b KIS3GCP
|
| 958 |
|
|
|a RK
|
| 958 |
|
|
|a SK
|
| 992 |
|
|
|a RBX
|
| 999 |
|
|
|c 1600426
|d 1602356
|